WNBA Most Valuable Player Quiz - Statistics

General Stats
  • This quiz has been taken 37 times
  • The average score is 18 of 28
Answer Stats
Team Name % Correct
Las Vegas Aces A'ja Wilson
100%
Las Vegas Aces A'ja Wilson
100%
Las Vegas Aces A'ja Wilson
100%
Seattle Storm Breanna Stewart
81%
New York Liberty Breanna Stewart
81%
Los Angeles Sparks Candace Parker
75%
Los Angeles Sparks Candace Parker
75%
Minnesota Lynx Maya Moore
72%
Los Angeles Sparks Lisa Leslie
69%
Los Angeles Sparks Lisa Leslie
69%
Los Angeles Sparks Lisa Leslie
69%
Phoenix Mercury Diana Taurasi
66%
Connecticut Sun Jonquel Jones
63%
Houston Comets Sheryl Swoopes
63%
Houston Comets Sheryl Swoopes
63%
Houston Comets Sheryl Swoopes
63%
Chicago Sky Elena Delle Donne
59%
Washington Mystics Elena Delle Donne
59%
Indiana Fever Tamika Catchings
59%
Houston Comets Cynthia Cooper
53%
Houston Comets Cynthia Cooper
53%
Los Angeles Sparks Nneka Ogwumike
53%
Connecticut Sun Tina Charles
53%
Seattle Storm Lauren Jackson
50%
Seattle Storm Lauren Jackson
50%
Seattle Storm Lauren Jackson
50%
Minnesota Lynx Sylvia Fowles
50%
Sacramento Monarchs Yolanda Griffith
34%
No matching quizzes found
Score Distribution
Percent of People with Each Score
Percentile by Number Answered
Your Score History
You have not taken this quiz